|
|
|
|
| LEADER |
00000nab a2200000 a 4500 |
| 001 |
vtls000824462 |
| 003 |
SK-MaSNL |
| 005 |
20260304212339.0 |
| 008 |
141006c2002 xo 0 cze |
| 015 |
|
|
|a SNBRB2003/02-04892
|
| 035 |
|
|
|a CLN000176117
|
| 040 |
|
|
|a SNKBUCL
|b slo
|c SNKBUCL
|e AACR2
|
| 041 |
0 |
|
|a cze
|
| 044 |
|
|
|a xo
|c SK
|
| 080 |
|
|
|a 616.8-003.8:005
|2 1997
|
| 100 |
1 |
|
|a Ambler, Zdeněk,
|d 1940-2013
|4 aut
|9 21375
|
| 245 |
1 |
0 |
|a Potřebuje klinická neurologie novou klasifikaci degenerativních chorob?
|c Zdeněk Ambler
|
| 504 |
|
|
|a Bibliogr. odkazy
|
| 650 |
0 |
7 |
|a poruchy nervového systému heredodegeneratívne
|x klasifikácia
|2 snkbucl
|9 1544231
|
| 650 |
0 |
7 |
|a neurodegenerácia
|2 snkbucl
|9 193415
|
| 650 |
0 |
7 |
|a ochorenia neurodegeneratívne
|x klasifikácia
|2 snkbucl
|9 1544232
|
| 650 |
0 |
7 |
|a neurologické symptómy
|2 snkbucl
|9 1195564
|
| 650 |
0 |
7 |
|a klasifikácia
|x metódy
|2 snkbucl
|9 846513
|
| 650 |
0 |
7 |
|a komentár (publikačný typ)
|2 snkbucl
|9 866536
|
| 650 |
0 |
7 |
|a klasifikácia degeneratívnych chorôb
|2 snkbucl
|9 1544233
|
| 655 |
|
7 |
|a články z novín a časopisov
|2 snkbucl
|9 267496
|
| 773 |
0 |
|
|t Neurológia pre prax
|g Roč. 1, č. 1 (2002), s. 41
|x 1335-9592
|
| 850 |
|
|
|a Slovenská národná knižnica v Martine
|
| 852 |
|
|
|a SNK
|b KIS3GCP
|
| 958 |
|
|
|a MI
|
| 958 |
|
|
|a NB
|
| 999 |
|
|
|c 3131012
|d 3132942
|